U.S. Non-Presidents - Sudden Death - Statistics

General Stats
  • This quiz has been taken 225 times
  • The average score is 13 of 16
Answers on the Grid
Answers color-coded by a green-red scale on the quiz's grid according to % correct below.
Alexander Hamilton
Paul Revere
James Madison
Patrick Henry
Calvin Coolidge
George McGovern
Chester A. Arthur
Ulysses S. Grant
Spiro Agnew
Douglas MacArthur
Martin Van Buren
Thomas Paine
Rutherford B. Hayes
Robert Kennedy
Benjamin Franklin
James K. Polk
Hillary Clinton
William McKinley
Benedict Arnold
Zachary Taylor
John Hancock
James Buchanan
Grover Cleveland
Woodrow Wilson
Jefferson Davis
Al Gore
James Monroe
Robert E. Lee
John Tyler
Millard Fillmore
Franklin Pierce
Walter Mondale
 
Answer Stats
Answer % Correct
Paul Revere
92%
Alexander Hamilton
89%
Patrick Henry
87%
George McGovern
86%
Al Gore
82%
Spiro Agnew
82%
Hillary Clinton
81%
Douglas MacArthur
79%
Benedict Arnold
78%
Robert Kennedy
78%
Thomas Paine
78%
John Hancock
77%
Robert E. Lee
77%
Walter Mondale
77%
Benjamin Franklin
73%
Jefferson Davis
73%
No matching quizzes found
Score Distribution
Percent of People with Each Score
Percentile by Number Answered
Your Score History
You have not taken this quiz